Top FPL Scorer By Season - Statistics

General Stats
  • This quiz has been taken 81 times
    20 since last reset
  • The average score is 17 of 23
Answer Stats
Season Points Answer % Correct
2022/23 272 Erling Haaland
100%
2006/07 244 Cristiano Ronaldo
95%
2007/08 283 Cristiano Ronaldo
95%
2017/18 303 Mohamed Salah
95%
2018/19 259 Mohamed Salah
95%
2021/22 265 Mohamed Salah
95%
2024/25 344 Mohamed Salah
95%
2014/15 233 Eden Hazard
84%
2004/05 269 Frank Lampard
84%
2008/09 226 Frank Lampard
84%
2009/10 284 Frank Lampard
84%
2019/20 251 Kevin De Bruyne
79%
2002/03 271 Thierry Henry
79%
2003/04 242 Thierry Henry
79%
2005/06 239 Thierry Henry
79%
2023/24 244 Cole Palmer
68%
2013/14 295 Luis Suarez
68%
2015/16 240 Riyad Mahrez
68%
2016/17 264 Alexis Sanchez
58%
2020/21 244 Bruno Fernandes
53%
2011/12 269 Robin Van Persie
42%
2012/13 262 Robin Van Persie
42%
2010/11 198 Luis Nani
16%
No matching quizzes found
Score Distribution
Percent of People with Each Score
Percentile by Number Answered
Your Score History
You have not taken this quiz since the last reset